书目信息 |
| 题名: |
妖魔化中国的背后
|
|
| 作者: | 李希光 , 刘康 著 | |
| 分册: | ||
| 出版信息: | 北京 中国社会科学出版社 1996.12 |
|
| 页数: | 414页 | |
| 开本: | 32开 | |
| 丛书名: | ||
| 单 册: | ||
| 中图分类: | D822 | |
| 科图分类: | ||
| 主题词: | 外交--中国 | |
| 电子资源: | ||
| ISBN: | 7-5004-2022-6 | |
| 000 | 00604nam0 2200205 45 | |
| 001 | 0011041908 | |
| 005 | 20001116154733.0 | |
| 010 | @a7-5004-2022-6@d19.80元 | |
| 100 | @a20001104d1996 km y0chiy0120 ea | |
| 101 | 0 | @achi |
| 105 | @a z 000yy | |
| 200 | 1 | @a妖魔化中国的背后@AYao Mo Hua Zhong Guo De Bei Hou@f李希光,(美)刘康等著@FLi Xi Guang,(Mei)Liu Kang Deng Zhu |
| 210 | @a北京@c中国社会科学出版社@d1996.12 | |
| 215 | @a414页@d32开 | |
| 606 | 0 | @a外交@x中国 |
| 690 | @aD822@v3 | |
| 701 | 0 | @a李希光@4著 |
| 701 | 0 | @a刘康@4著 |
| 801 | @aCN@bPftUser@c20001104 | |
| 905 | @dD822@eL282@b409207-209@f3 | |
| 妖魔化中国的背后/李希光,(美)刘康等著.-北京:中国社会科学出版社,1996.12 |
| 414页;32开 |
| ISBN 7-5004-2022-6:19.80元 |
| ● |
| 相关链接 |
|
|
|
正题名:妖魔化中国的背后
索取号:D822/L282
 
预约/预借
| 序号 | 登录号 | 条形码 | 馆藏地/架位号 | 状态 | 备注 |
| 1 | 409207 | 204092070 | 社科库509/509社科库 79排2列3层/ [索取号:D822/L282] | 在馆 | |
| 2 | 409208 | 204092089 | 社科库509/509社科库 79排2列3层/ [索取号:D822/L282] | 在馆 | |
| 3 | 409209 | 204092098 | 社科库509/509社科库 79排2列3层/ [索取号:D822/L282] | 在馆 |